Emilio Prados, 1899-1962 (Record no. 15908)

MARC details
000 -LEADER
campo de control de longitud fija 00827nam a2200229 i 4500
001 - NÚMERO DE CONTROL
campo de control 15908
003 - IDENTIFICADOR DE NÚMERO DE CONTROL
campo de control ES-MaACL
005 - FECHA Y HORA DE LA ÚLTIMA TRANSACCIÓN
campo de control 20250213170507.0
007 - CAMPO FIJO DE DESCRIPCIÓN FÍSICA--INFORMACIÓN GENERAL
campo de control de longitud fija t|
008 - DATOS DE LONGITUD FIJA--INFORMACIÓN GENERAL
campo de control de longitud fija 000519s1999 sp ||||1| spa d
020 ## - NÚMERO INTERNACIONAL ESTÁNDAR DEL LIBRO
Número Internacional Estándar del Libro 84-95078-94-5
080 ## - NÚMERO DE LA CLASIFICACIÓN DECIMAL UNIVERSAL
Número de la Clasificación Decimal Universal 821.134.2 Prados, Emilio 1.06
080 ## - NÚMERO DE LA CLASIFICACIÓN DECIMAL UNIVERSAL
Número de la Clasificación Decimal Universal 929 Prados, Emilio
245 00 - MENCIÓN DEL TÍTULO
Título Emilio Prados, 1899-1962
Resto del título : Palacio Episcopal, Málaga, septiembre-noviembre 1999; Residencia de Estudiantes, Madrid, noviembre 1999-enero 2000.
260 ## - PUBLICACIÓN, DISTRIBUCIÓN, ETC.
Lugar de publicación, distribución, etc. Madrid :
Nombre del editor, distribuidor, etc. Publicaciones de la Residencia de Estudiantes,
Fecha de publicación, distribución, etc. [1999]
300 ## - DESCRIPCIÓN FÍSICA
Extensión 357 p. :
Otras características físicas il. ;
Dimensiones 24 cm.
600 14 - PUNTO DE ACCESO ADICIONAL DE MATERIA--NOMBRE DE PERSONA
Nombre de persona Prados, Emilio,
Fechas asociadas al nombre 1899-1962
9 (RLIN) 93630
710 2# - ENTRADA AGREGADA--NOMBRE DE ENTIDAD CORPORATIVA
Nombre de entidad corporativa o nombre de jurisdicción como elemento de entrada Residencia de Estudiantes (Madrid)
9 (RLIN) 6437
852 ## - LOCALIZACIÓN
Ubicación ES-MaACL
Número de control de estantería L-22852
Sublocalización o colección R.128009
852 ## - LOCALIZACIÓN
Ubicación ES-MaACL
Número de control de estantería L-28246
Sublocalización o colección R.134175
Holdings
Estatus retirado Estado de pérdida Estado de daño No para préstamo Biblioteca de origen Biblioteca actual Ubicación en estantería Fecha de adquisición Fuente de adquisición Total de préstamos Signatura topográfica completa Código de barras Visto por última vez Precio de reemplazo Tipo de ítem Koha
        Biblioteca del Ateneo de Madrid Biblioteca del Ateneo de Madrid Depósito 2 17/01/2008     L-28246 1016169 23/02/2023 23/02/2023 Libro impreso
        Biblioteca del Ateneo de Madrid Biblioteca del Ateneo de Madrid Depósito 2 17/01/2008     L-22852 1016168 23/02/2023 23/02/2023 Libro impreso